Prime contracting : RICS Project Management Faculty annual debate (Record no. 85419)
[ view plain ]
| 000 -LEADER | |
|---|---|
| fixed length control field | 01166cam a2200229 4500 |
| 001 - CONTROL NUMBER | |
| control field | J114936 |
| 008 - FIXED-LENGTH DATA ELEMENTS--GENERAL INFORMATION | |
| fixed length control field | 011001n2001 000 0 eng u |
| 035 ## - SYSTEM CONTROL NUMBER | |
| System control number | (Sirsi) u114936 |
| 245 ## - TITLE STATEMENT | |
| Title | Prime contracting : RICS Project Management Faculty annual debate |
| 260 ## - PUBLICATION, DISTRIBUTION, ETC. | |
| Place of publication, distribution, etc. | London |
| Name of publisher, distributor, etc. | RICS |
| Date of publication, distribution, etc. | 2001 |
| 300 ## - PHYSICAL DESCRIPTION | |
| Extent | 1 audio CD (ca. 45 min.) |
| 350 ## - PRICE (NR) (BK AM CF MU VM SE) [OBSOLETE] | |
| Price | £12.00 |
| 490 ## - SERIES STATEMENT | |
| Series statement | Owlion Audio Programme |
| 520 ## - SUMMARY, ETC. | |
| Summary, etc. | This Owlion audio CD provides and introduction to the principles and problems associated with prime contracting, on of the key methods of public procurement. Speakers include John Hicks of Davis Langdon and Everest, RICS Junior Vice President Chris Powell, Howard Lawrence of Defence Estates and Peter Ryan of the Office of Government Commerce. Concludes with a debate considering the implications for both the industry as a whole and surveyors chaired by Roger Waterhouse, Course Director of the RICS Postgraduate Diploma in Project Management. |
| 650 ## - SUBJECT ADDED ENTRY--TOPICAL TERM | |
| Topical term or geographic name entry element | GOVERNMENT PROCUREMENT |
| 650 ## - SUBJECT ADDED ENTRY--TOPICAL TERM | |
| Topical term or geographic name entry element | OWLION |
| 650 ## - SUBJECT ADDED ENTRY--TOPICAL TERM | |
| Topical term or geographic name entry element | PRIME CONTRACTING |
| 650 ## - SUBJECT ADDED ENTRY--TOPICAL TERM | |
| Topical term or geographic name entry element | Procurement-old |
| 650 ## - SUBJECT ADDED ENTRY--TOPICAL TERM | |
| Topical term or geographic name entry element | PUBLIC PROCUREMENT |
| 690 ## - LOCAL SUBJECT ADDED ENTRY--TOPICAL TERM (OCLC, RLIN) | |
| Topical term or geographic name as entry element | Project management |
| 9 (RLIN) | 6261 |
| 942 ## - ADDED ENTRY ELEMENTS (KOHA) | |
| Suppress in OPAC | 0 |
| Withdrawn status | Lost status | Source of classification or shelving scheme | Damaged status | Not for loan | Home library | Current library | Shelving location | Date acquired | Cost, normal purchase price | Total Checkouts | Full call number | Barcode | Date last seen | Date last checked out | Copy number | Cost, replacement price | Price effective from | Koha item type |
|---|---|---|---|---|---|---|---|---|---|---|---|---|---|---|---|---|---|---|
| Dewey Decimal Classification | London | London | Enquiry desk | 08/09/2003 | 15.00 | 12 | BASEMENT 7 | 30067681 | 06/08/2019 | 28/09/2005 | 1 | 15.00 | 06/08/2019 | Audio | ||||
| Dewey Decimal Classification | London | London | Enquiry desk | 08/09/2003 | 15.00 | 9 | BASEMENT 7 | 30071173 | 06/08/2019 | 26/08/2009 | 2 | 15.00 | 06/08/2019 | Audio |